01341nab a22001937a 4500003000400000005001700004008004100021040000700062100002500069245009400094300001300188505066600201505007200867650002300939650002900962650002100991650003701012773009801049OSt20260106132558.0190514b xxu||||| |||| 00| 0 spa d cPJ aCalcaterra, Gabriela13aLas sociedades anónimas de familia en el régimen de comunidad /cGabriela Calcaterra. ap. 73-82 aSumario: I. Las sociedades anónimas de familia.— II. Organización jurídica de la SA familiar.— III. Régimen patrimonial de la comunidad de bienes.— IV. Participación accionaria y comunidad de bienes.— V. Carácter de los dividendos percibidos por acciones propias.— VI. Carácter de las acciones que suscribe el accionista titular de acciones propias durante la vigencia de la comunidad de bienes.— VII. Adquisición de partes indivisas de acciones de la sociedad familiar.— VIII. Carácter del mayor valor que adquiera la participación societaria de carácter propio a lo largo de la vigencia del matrimonio.— IX. Conclusión. tSi te interesa el texto, comunicate a koha@justierradelfuego.gov.ar 0aDERECHO DE FAMILIA 0aCODIGO CIVIL Y COMERCIAL 0aSOCIEDAD ANONIMA 0aRÉGIMEN DE COMUNIDAD DE BIENES0 02844dBuenos Aires : AbeledoPerrot, 1989-tDerecho de familia. N° 115 - Julio 2024z18511201